Statistics for Save Humanity by Guessing Countries

Click here to take the quiz!

General Stats

  • This quiz has been taken 62,203 times
    (61,511 since last reset)
  • The average score is 5327 of 7811

Answer Stats

population Country % Correct
331,002,651United States
96%
1,447,470,092China
95%
145,934,462Russia
91%
1,380,004,385India
91%
67,886,011United Kingdom
91%
212,559,417Brazil
90%
67,515,709France
88%
128,932,753Mexico
86%
83,783,942Germany
86%
37,742,154Canada
83%
126,476,461Japan
80%
46,754,778Spain
77%
25,499,884Australia
76%
45,195,774Argentina
75%
273,523,615Indonesia
75%
60,461,826Italy
73%
102,334,404Egypt
69%
24,206,644Niger
68%
220,892,340Pakistan
66%
59,308,690South Africa
66%
206,139,589Nigeria
64%
83,992,949Iran
61%
51,269,185South Korea
56%
164,689,383Bangladesh
56%
84,339,067Turkey
54%
89,561,403Democratic Republic of the Congo
52%
50,882,891Colombia
52%
19,116,201Chile
51%
40,222,493Iraq
50%
97,338,579Vietnam
50%
69,799,978Thailand
49%
32,971,854Peru
49%
10,099,265Sweden
48%
109,581,078Philippines
47%
37,846,611Poland
46%
43,733,762Ukraine
46%
34,813,871Saudi Arabia
44%
5,518,087Republic of the Congo
44%
114,963,588Ethiopia
42%
43,851,044Algeria
42%
32,365,999Malaysia
42%
5,421,241Norway
41%
10,196,709Portugal
41%
4,822,233New Zealand
41%
4,937,786Ireland
39%
28,435,940Venezuela
36%
10,423,054Greece
35%
5,540,720Finland
34%
53,771,296Kenya
32%
25,778,816North Korea
31%
37,507,899Morocco
30%
43,849,260Sudan
30%
3,278,290Mongolia
29%
59,734,218Tanzania
28%
5,792,202Denmark
28%
38,928,346Afghanistan
28%
17,134,872Netherlands
27%
54,409,800Myanmar
26%
6,871,292Libya
25%
7,275,560Laos
25%
23,816,775Taiwan
24%
341,243Iceland
24%
16,718,965Cambodia
24%
18,776,707Kazakhstan
24%
11,326,616Cuba
24%
11,673,021Bolivia
24%
9,006,398Austria
23%
11,589,623Belgium
22%
16,425,864Chad
22%
8,655,535Israel
21%
10,847,910Dominican Republic
20%
17,500,658Syria
20%
17,643,054Ecuador
20%
19,237,691Romania
20%
15,893,222Somalia
19%
3,473,730Uruguay
19%
9,890,402United Arab Emirates
19%
29,136,808Nepal
19%
20,250,833Mali
18%
21,413,249Sri Lanka
17%
32,866,272Angola
17%
5,850,342Singapore
17%
7,132,538Paraguay
17%
8,654,622Switzerland
17%
29,825,964Yemen
17%
5,106,626Oman
16%
4,314,767Panama
15%
31,072,940Ghana
15%
9,449,323Belarus
15%
11,818,619Tunisia
14%
17,915,568Guatemala
14%
45,741,007Uganda
14%
9,660,351Hungary
14%
11,193,725South Sudan
13%
11,402,528Haiti
13%
4,829,767Central African Republic
13%
1,326,535Estonia
12%
6,926,908Serbia
11%
1,886,198Latvia
11%
8,947,024Papua New Guinea
11%
6,948,445Bulgaria
11%
27,691,018Madagascar
10%
801Vatican City
10%
2,961,167Jamaica
10%
10,203,134Jordan
10%
2,722,289Lithuania
10%
2,540,905Namibia
10%
31,255,435Mozambique
10%
9,904,607Honduras
10%
10,708,981Czech Republic
10%
5,459,642Slovakia
9%
771,608Bhutan
9%
5,094,118Costa Rica
9%
4,105,267Croatia
9%
2,881,053Qatar
8%
896,445Fiji
8%
2,351,627Botswana
8%
71,986Dominica
8%
39,242Monaco
8%
2,078,938Slovenia
8%
16,743,927Senegal
8%
6,624,554Nicaragua
8%
33,469,203Uzbekistan
8%
14,862,924Zimbabwe
8%
6,825,445Lebanon
8%
26,545,863Cameroon
8%
18,383,955Zambia
8%
2,877,797Albania
7%
786,552Guyana
7%
586,632Suriname
7%
397,628Belize
7%
8,278,724Togo
7%
625,978Luxembourg
6%
441,543Malta
6%
393,244Bahamas
6%
12,952,218Rwanda
6%
77,265Andorra
6%
2,963,243Armenia
6%
3,280,819Bosnia and Herzegovina
6%
33,931San Marino
6%
4,270,571Kuwait
6%
4,649,658Mauritania
6%
6,486,205El Salvador
6%
105,695Tonga
5%
198,414Samoa
5%
13,132,795Guinea
5%
10,824Nauru
5%
12,123,200Benin
5%
6,031,200Turkmenistan
5%
1,207,359Cyprus
5%
5,057,681Liberia
5%
19,129,952Malawi
5%
2,225,734Gabon
5%
26,378,274Ivory Coast
5%
10,139,177Azerbaijan
5%
3,546,421Eritrea
5%
3,989,167Georgia
5%
437,479Brunei
4%
9,537,645Tajikistan
4%
38,128Liechtenstein
4%
2,142,249Lesotho
4%
1,810,463Kosovo
4%
4,033,963Moldova
4%
18,094Palau
4%
1,701,575Bahrain
4%
11,792Tuvalu
4%
6,524,195Kyrgyzstan
4%
1,399,488Trinidad and Tobago
3%
53,199Saint Kitts and Nevis
3%
119,449Kiribati
3%
97,929Antigua and Barbuda
3%
20,903,273Burkina Faso
3%
183,627Saint Lucia
3%
307,145Vanuatu
3%
287,375Barbados
3%
628,066Montenegro
3%
1,318,445East Timor
3%
988,000Djibouti
3%
2,083,374North Macedonia
3%
11,890,784Burundi
3%
2,416,668Gambia
3%
540,544Maldives
3%
686,884Solomon Islands
2%
1,271,768Mauritius
2%
1,160,164Eswatini
2%
869,601Comoros
2%
1,968,001Guinea-Bissau
2%
115,023Federated States of Micronesia
2%
112,523Grenada
2%
7,976,983Sierra Leone
2%
110,940Saint Vincent and the Grenadines
2%
219,159São Tomé and Príncipe
1%
555,987Cape Verde
1%
98,347Seychelles
1%
1,402,985Equatorial Guinea
1%
59,190Marshall Islands
1%

Score Distribution

Percentile by Number Answered

Percent of People with Each Score

Your Score History

You have not taken this quiz since the last reset